<?xml version="1.0" encoding="UTF-8"?>
<record
    xmlns:xsi="http://www.w3.org/2001/XMLSchema-instance"
    xsi:schemaLocation="http://www.loc.gov/MARC21/slim http://www.loc.gov/standards/marcxml/schema/MARC21slim.xsd"
    xmlns="http://www.loc.gov/MARC21/slim">

  <leader>00855na  a2200241   4500</leader>
  <controlfield tag="001">20068</controlfield>
  <controlfield tag="003">MIRAKIL</controlfield>
  <controlfield tag="005">20181213154807.0</controlfield>
  <controlfield tag="008">170103b        tu            000 0      </controlfield>
  <datafield tag="040" ind1=" " ind2=" ">
    <subfield code="a">Milas</subfield>
    <subfield code="b">tur</subfield>
    <subfield code="c">TR-AnCHP</subfield>
  </datafield>
  <datafield tag="041" ind1=" " ind2=" ">
    <subfield code="a">tur</subfield>
  </datafield>
  <datafield tag="082" ind1=" " ind2=" ">
    <subfield code="a">378.09561</subfield>
    <subfield code="b">T96 1993</subfield>
  </datafield>
  <datafield tag="090" ind1=" " ind2=" ">
    <subfield code="a">378.09561 T96 1993</subfield>
  </datafield>
  <datafield tag="245" ind1=" " ind2=" ">
    <subfield code="a">T&#xFC;rkiye'de y&#xFC;ksek&#xF6;&#x11F;retimin genel durumu</subfield>
    <subfield code="b">Prof. Dr. Mehmet Sa&#x11F;lam'&#x131;n 1994 mali y&#x131;l&#x131; i&#xE7;in plan ve b&#xFC;t&#xE7;e komisyonu'nda yapm&#x131;&#x15F; oldu&#x11F;u konu&#x15F;ma</subfield>
    <subfield code="c">Mehmet Sa&#x11F;lam</subfield>
  </datafield>
  <datafield tag="246" ind1=" " ind2=" ">
    <subfield code="a">Prof. Dr. Mehmet Sa&#x11F;lam'&#x131;n 1994 mali y&#x131;l&#x131; i&#xE7;in plan ve b&#xFC;t&#xE7;e komisyonu'nda yapm&#x131;&#x15F; oldu&#x11F;u konu&#x15F;ma</subfield>
  </datafield>
  <datafield tag="260" ind1=" " ind2=" ">
    <subfield code="a">Ankara</subfield>
    <subfield code="b">Y&#xD6;K</subfield>
    <subfield code="c">1993</subfield>
  </datafield>
  <datafield tag="300" ind1=" " ind2=" ">
    <subfield code="a">14 s.</subfield>
    <subfield code="c">30 sm.</subfield>
  </datafield>
  <datafield tag="650" ind1=" " ind2=" ">
    <subfield code="a">&#xDC;niversiteler</subfield>
    <subfield code="z">T&#xFC;rkiye</subfield>
  </datafield>
  <datafield tag="650" ind1=" " ind2=" ">
    <subfield code="a">Y&#xFC;ksek &#xF6;&#x11F;retim</subfield>
    <subfield code="z">T&#xFC;rkiye</subfield>
  </datafield>
  <datafield tag="700" ind1=" " ind2=" ">
    <subfield code="a">Sa&#x11F;lam, Mehmet</subfield>
  </datafield>
  <datafield tag="710" ind1=" " ind2=" ">
    <subfield code="a">Y&#xFC;ksek&#xF6;&#x11F;retim Kurulu</subfield>
  </datafield>
  <datafield tag="942" ind1=" " ind2=" ">
    <subfield code="2">dcc</subfield>
    <subfield code="c">BKS</subfield>
  </datafield>
  <datafield tag="952" ind1=" " ind2=" ">
    <subfield code="a">0001</subfield>
    <subfield code="b">0001</subfield>
    <subfield code="d">2017-01-03</subfield>
    <subfield code="e">2</subfield>
    <subfield code="l">0</subfield>
    <subfield code="o">378.09561 T96 1993</subfield>
    <subfield code="p">010435</subfield>
    <subfield code="r">2017-01-03 00:00:00</subfield>
    <subfield code="v">0.00</subfield>
    <subfield code="w">2017-01-03</subfield>
    <subfield code="y">BKS</subfield>
  </datafield>
  <datafield tag="999" ind1=" " ind2=" ">
    <subfield code="c">963</subfield>
    <subfield code="d">963</subfield>
  </datafield>
</record>
